Britney Spears' VEVO Certified Music Videos - Statistics

General Stats
  • This quiz has been taken 73 times
    29 since last reset
  • The average score is 18 of 28
Answer Stats
Views Music Video % Correct
1.1B+ ...Baby One More Time
96%
742M+ Toxic
96%
507M+ Oops!... I Did It Again
87%
414M+ Womanizer
87%
249M+ Circus
83%
216M+ Lucky
74%
391M+ Sometimes
74%
142M+ Hold It Against Me
70%
212M+ I'm A Slave 4 U
70%
391M+ Work Bitch
70%
184M+ Everytime
65%
413M+ Gimme More
65%
294M+ I Wanna Go
65%
243M+ Criminal
61%
180M+ Overprotected
61%
109M+ Radar
61%
178M+ Stronger
61%
105M+ Break The Ice
57%
164M+ Piece of Me
57%
224M+ Till The World Ends
57%
120M+ 3
52%
150M+ If U Seek Amy
52%
110M+ Born To Make You Happy
48%
205M+ I'm Not A Girl, Not Yet A Woman
48%
235M+ (You Drive Me) Crazy
48%
192M+ Pretty Girls (ft. Iggy Azalea)
43%
109M+ Slumber Party (ft. Tinashe)
39%
126M+ Ooh La La
22%
No matching quizzes found
Score Distribution
Percent of People with Each Score
Percentile by Number Answered
Your Score History
You have not taken this quiz since the last reset